[Event "Brasschaat op"]
[Site "Brasschaat"]
[Date "2023.08.21"]
[Round "3"]
[White "Steen, Pieter"]
[Black "Lukin, Yesenia"]
[Result "1-0"]
[WhiteElo "2044"]
[BlackElo "1261"]
[PlyCount "101"]
[EventDate "2023.08.18"]
[EventType "swiss"]
[EventRounds "9"]
[EventCountry "BEL"]
[SourceTitle "EXT 2024"]
[Source "ChessBase"]
[SourceDate "2023.10.10"]
[SourceVersion "1"]
[SourceVersionDate "2023.10.10"]
[SourceQuality "1"]

1. d4 d5 2. c4 c6 3. Nc3 Nf6 4. Nf3 Bg4 5. Ne5 Bh5 6. Qb3 Qb6 7. c5 Qxb3 8. axb3 Nbd7 9. Nd3 Bg4 10. b4 g6 11. b5 Bg7 12. bxc6 bxc6 13. Nb4 Nb8 14. Ra5 0-0 15. Na4 Nfd7 16. h3 Be6 17. Be3 Re8 18. g4 f5 19. gxf5 Bxf5 20. Bg2 e5 21. Nxd5 cxd5 22. Bxd5+ Kh8 23. Bxa8 exd4 24. Bf4 Na6 25. Rxa6 Rxa8 26. b4 d3 27. exd3 Bxd3 28. Rd6 Bb5 29. c6 Bf8 30. Re6 Bxb4+ 31. Bd2 Bxd2+ 32. Kxd2 Bxa4 33. cxd7 Bxd7 34. Re7 Bc6 35. Rc1 Rd8+ 36. Ke3 Bg2 37. Rcc7 h5 38. Rh7+ Kg8 39. Rcg7+ Kf8 40. Rxa7 Kg8 41. Rag7+ Kf8 42. h4 Re8+ 43. Kf4 Be4 44. Kg5 Re6 45. Ra7 Kg8 46. Rhc7 Re8 47. Rg7+ Kh8 48. Rh7+ Kg8 49. Rag7+ Kf8 50. Kh6 Bd5 51. Rh8+ 1-0